Normal view
MARC view
- BENNETT, G. C. K SMITH,JEFFERSON, GEORGE
Entry Personal Name
001 - CONTROL NUMBER
- control field: 75961
003 - CONTROL NUMBER IDENTIFIER
- control field: NUST
005 - DATE AND TIME OF LATEST TRANSACTION
- control field: 20210628205536.0
008 - FIXED-LENGTH DATA ELEMENTS
- fixed length control field: 210628|| aca||aabn | a|a d
040 ## - CATALOGING SOURCE
- Original cataloging agency: NUST
- Transcribing agency: NUST
100 ## - HEADING--PERSONAL NAME
- Personal name: BENNETT, G. C. K SMITH,JEFFERSON, GEORGE
670 ## - SOURCE DATA FOUND
- Source citation: Work cat.: (NUST): BENNETT, G. C. K SMITH,JEFFERSON, GEORGE, THE COLLEGE LIBRARY A COLLECTION OF ESSAYS, 1978
